| 000 | 00972nam a2200265Ia 4500 | ||
|---|---|---|---|
| 001 | 21803 | ||
| 005 | 20260320113314.0 | ||
| 008 | 260320s9999||||xx |||||||||||||| ||und|| | ||
| 020 | _a9786123226213 | ||
| 041 | _aESP | ||
| 082 |
_a343.8 _bF62 |
||
| 100 |
_aFlores Gallegos, Jorge Raúl, _eAUT |
||
| 245 | 0 |
_aManual de detracciones, retenciones y percepciones : _baplicación práctica, jurisprudencia, informe y consultas de la Sunat |
|
| 246 |
_a _5 _b |
||
| 250 | _aPrimera edición | ||
| 260 |
_aLima : _bInstituto Pacífico, _c2025 |
||
| 300 |
_a447 páginas : _bcuadros, tablas ; _c25 cm. _e |
||
| 440 |
_a _n _v |
||
| 650 | _aCIS | ||
| 653 | _aDerecho tributario - Perú; Sistema de Pago de Obligaciones Tributarias (SPOT); Impuestos - Legislacion - Perú; Jurisprudencia | ||
| 654 | _aDER | ||
| 700 |
_a _c |
||
| 856 |
_uhttps://legal-legis-com-pe.ucsp.lookproxy.com/home/Corporativo _zVéase además: Base de datos Multilegis |
||
| 942 |
_cLIB _dJUS _fMAT _2ddc _n |
||
| 999 |
_c21803 _d21803 |
||